TENWEK HOSP HOME | SOC  | ASK A LIBRARIANSTAFF LOGIN  |  DIGITAL REPOSITORYe-BOOK PORTAL  |  OFF-CAMPUS PORTAL  |  DONATE

Gerontologic nursing : (Record no. 3643)

MARC details
000 -LEADER
fixed length control field 01110pam a2200325 a 4500
001 - CONTROL NUMBER
control field 3999343
003 - CONTROL NUMBER IDENTIFIER
control field Ke-BoTe
005 - DATE AND TIME OF LATEST TRANSACTION
control field 20220607094325.0
008 - FIXED-LENGTH DATA ELEMENTS--GENERAL INFORMATION
fixed length control field 960806s1997 moua b 001 0 eng c
010 ## - LIBRARY OF CONGRESS CONTROL NUMBER
LC control number 96035520
020 ## - INTERNATIONAL STANDARD BOOK NUMBER
International Standard Book Number 0815113315
040 ## - CATALOGING SOURCE
Original cataloging agency DNLM/DLC
Transcribing agency DLC
Modifying agency DLC
050 00 - LIBRARY OF CONGRESS CALL NUMBER
Classification number RC954
Item number .G4736 1997
060 10 - NATIONAL LIBRARY OF MEDICINE CALL NUMBER
Classification number WY 152 G3773 1996
082 00 - DEWEY DECIMAL CLASSIFICATION NUMBER
Classification number 610.73/65
Edition number 20
245 00 - TITLE STATEMENT
Title Gerontologic nursing :
Remainder of title wholistic care of the older adult /
Statement of responsibility, etc. [edited by] Mary M. Burke, Mary B. Walsh.
250 ## - EDITION STATEMENT
Edition statement 2nd ed.
260 ## - PUBLICATION, DISTRIBUTION, ETC.
Place of publication, distribution, etc. St. Louis :
Name of publisher, distributor, etc. Mosby ;
Date of publication, distribution, etc. c1997.
300 ## - PHYSICAL DESCRIPTION
Extent xv, 650 p . :
Other physical details ill. (some col.) ;
Dimensions 24 cm .
500 ## - GENERAL NOTE
General note "With 100 illustrations."
504 ## - BIBLIOGRAPHY, ETC. NOTE
Bibliography, etc. note Includes bibliographical references and index.
650 #0 - SUBJECT ADDED ENTRY--TOPICAL TERM
Topical term or geographic name entry element Geriatric nursing.
650 #0 - SUBJECT ADDED ENTRY--TOPICAL TERM
Topical term or geographic name entry element Frail elderly
General subdivision Medical care.
9 (RLIN) 7682
650 12 - SUBJECT ADDED ENTRY--TOPICAL TERM
Topical term or geographic name entry element Geriatric Nursing.
700 1# - ADDED ENTRY--PERSONAL NAME
Personal name Burke, Mary M.
9 (RLIN) 7681
700 1# - ADDED ENTRY--PERSONAL NAME
Personal name Walsh, Mary B.
9 (RLIN) 4999
906 ## - LOCAL DATA ELEMENT F, LDF (RLIN)
a 7
b cbc
c orignew
d 1
e ocip
f 19
g y-gencatlg
942 ## - ADDED ENTRY ELEMENTS (KOHA)
Source of classification or shelving scheme Library of Congress Classification
Koha item type Books
Suppress in OPAC No
Holdings
Withdrawn status Lost status Source of classification or shelving scheme Damaged status Not for loan Collection code Home library Current library Shelving location Date acquired Total Checkouts Full call number Barcode Date last seen Price effective from Koha item type
    Library of Congress Classification     Non-fiction SCHOOL OF HEALTH SCIENCES SCHOOL OF HEALTH SCIENCES General Stacks 07.06.2022   RC954.G4736 1997 00003777 07.06.2022 07.06.2022 Books